Kraje z największym % ludzi czytających i piszących - Statystyki

Ogólne statystyki
  • Ten quiz został rozwiązany 115 razy
  • Średni wynik to 22 z 50
Statystyki odpowiedzi
% Kraj % Poprawnych
99,8 Polska
94%
99,7 Rosja
79%
99,0 Czechy
73%
98,3 Hiszpania
68%
99,8 Litwa
66%
99,9 Łotwa
65%
99,2 Włochy
65%
97,7 Grecja
64%
99,7 Słowenia
63%
99,8 Estonia
62%
99,7 Białoruś
61%
99,8 Ukraina
61%
99,3 Chorwacja
59%
98,8 Rumunia
58%
99,1 Węgry
57%
97,6 Albania
52%
98,5 Bośnia i Hercegowina
52%
98,8 Serbia
52%
98,4 Bułgaria
50%
97,8 Macedonia Północna
48%
100 Andora
46%
99,4 Mołdawia
46%
98,7 Czarnogóra
45%
100 Korea Północna
44%
99,8 Gruzja
40%
97,8 Izrael
40%
99,8 Kazachstan
39%
97,0 Singapur
39%
99,7 Armenia
38%
99,8 Azerbejdżan
37%
97,3 Katar
36%
99,8 Tadżykistan
36%
100 Uzbekistan
36%
99,5 Kirgistan
33%
99,8 Kuba
32%
98,4 Mongolia
31%
99,7 Turkmenistan
31%
97,1 Wenezuela
31%
99,1 Argentyna
30%
98,5 Tajwan
26%
98,6 Urugwaj
26%
97,8 Kostaryka
20%
99,3 Malediwy
19%
99,6 Barbados
18%
99,0 Antigua i Barbuda
17%
99,0 Samoa
17%
99,0 Trynidad i Tobago
17%
98,6 Grenada
15%
98,3 Wyspy Marshalla
15%
99,4 Tonga
14%
Nie znaleziono quizów pasujących do podanych kryteriów
Rozkład punktacji
Procent ludzi z każdym wynikiem
Percentyl według liczby udzielonych odpowiedzi
Twoja historia wyników
Nie rozwiązałeś tego quizu